| 000 | 00723nam a22002177a 4500 | ||
|---|---|---|---|
| 003 | UA-OsUOA | ||
| 001 | 101651 | ||
| 007 | ta | ||
| 008 | 20130704b un ||||| |||| 00| 0 ukr d | ||
| 100 | _aТаровита І. | ||
| 090 |
_a82 _bТ21 |
||
| 942 | _cSA | ||
| 040 |
_aUA-OsUOA _bukr _cUA-OsUOA _dUA-OsUOA |
||
| 245 | _aЛітературний процес кінця ХІХ - початку ХХ століття. Український модернізм. 10-й клас | ||
| 300 | _aС.33-37 | ||
| 955 | _a0 | ||
| 041 | _aukr | ||
| 080 | _a82 | ||
| 773 | 0 |
_w101650 _tУкраїнська мова та література _dК. _d2013 _g12 |
|
| 650 | 7 |
_a82 Література. Літературознавство _2UDC |
|
| 999 |
_c387858 _d387858 |
||